Estudio de Opinión Pública Unimer RI - La Nación mayo de 1995: efectuada del 12 al 25 de mayo /
Guardado en:
| Hovedforfatter: | |
|---|---|
| Institution som forfatter: | |
| Andre forfattere: | |
| Format: | Texto |
| Udgivet: |
San José:
Unimer
|
| Fag: | |
| Tags: |
Tilføj Tag
Ingen Tags, Vær først til at tagge denne postø!
|
MARC
| LEADER | 00000 a a2200000 04500 | ||
|---|---|---|---|
| 001 | 27630 | ||
| 003 | |||
| 040 | |a CRAI/IIS |c CRAI/IIS | ||
| 090 | |a 185801 |b ENCUESTA | ||
| 100 | |a Mendiola T, Haydée | ||
| 110 | |a Unimer Research International | ||
| 245 | |a Estudio de Opinión Pública Unimer RI - La Nación mayo de 1995: efectuada del 12 al 25 de mayo / |c Haydée Mendiola T. | ||
| 260 | |a San José: |b Unimer | ||
| 300 | |a 63 p. y s.p |b **no definido** |b fonodiscos | ||
| 650 | |a ENCUESTAS DE OPINION PUBLICA | ||
| 650 | |a GOBIERNO | ||
| 650 | |a PODER LEGISLATIVO | ||
| 700 | |a Paniagua, Carlos G. | ||
| 999 | |c 14225 |d 14225 | ||
